000 00432 a2200181 4500
260 _bITEB
245 _aLa Production des bovins : anoestrus post- partum, transplantation embryonnaire
300 _a144p.
260 _aParis
260 _c1983
300 _bCouv. ill. en coul.
130 _lFr
710 _aITEB -UNCEIA
690 _aLA PRODUCTION DES BOVINS
690 _aSANTE ANIMALE
999 _c27088
_d27088